000 00289nam a2200109 a 4500
005 20140414131849.0
008 100727s19uu xx 00 eng d
050 _aM 394.2
_bV97 2005
245 _aThemes for special days.
260 _aAustralia :
_bHawker Brownlow,
_c2005.
999 _c110080
_d110080